000 00470nam a22001817a 4500
005 20260202164247.0
008 260202b |||||||| |||| 00| 0 eng d
020 _a9781804899717
_c4995.00
040 _aMAIN
041 _aEnglish
082 _a711.4
_bBOL
100 _aBolton, Christina
_926169
245 _aFundamentals of Urban Design
260 _aUnited Kingdom America
_bBrilliance
_c2026
300 _a298
650 _aUrban Studies
_924652
942 _cBK
999 _c60212
_d60212